[Event "2nd Brno Open"]
[Site "Brno CZE"]
[Date "2011.11.16"]
[Round "6"]
[White "Hofirek,Benedikt"]
[Black "Pascenko,Jaromir"]
[Result "0-1"]
[WhiteElo "1949"]
[BlackElo "2083"]

1.c4 e5 2.g3 Nf6 3.Bg2 Nc6 4.Nc3 Bb4 5.Nd5 Bc5 6.e3 O-O 7.Ne2 Nxd5 8.cxd5 Ne7
9.O-O d6 10.d4 Bb6 11.dxe5 dxe5 12.Nc3 c6 13.e4 cxd5 14.exd5 Nf5 15.b3 Bd4
16.Bb2 Bd7 17.Qd2 Rc8 18.Ne2 Bb5 19.Rfc1 Qb6 20.Nxd4 Nxd4 21.Bxd4 exd4 22.Rxc8 Rxc8
23.Rc1 Re8 24.Re1 Rxe1+ 25.Qxe1 Qc5 26.Bf3 Qc3 27.Qxc3 dxc3 28.Be4 Be2 29.Bc2 Bf3
30.Kf1 h5 31.Ke1 Kf8 32.Bd1 Bxd5 33.Bxh5 b5 34.Ke2 b4 35.h4 g6 36.Bg4 f5
37.Bh3 Be4 38.Kd1 Ke7 39.Bf1 Kf6 40.Be2 f4 41.g4 f3 42.Ba6 Ke5 43.Bc8 Kf4
44.Kc1 Bd3 45.Bd7 Bf1 46.g5 Bd3 47.Be8 Kg4  0-1

[Event "2nd Brno Open"]
[Site "Brno CZE"]
[Date "2011.11.17"]
[Round "7"]
[White "Cip,D"]
[Black "Semenova,El1"]
[Result "1/2-1/2"]
[WhiteElo "2106"]
[BlackElo "2182"]

1.c4 e5 2.g3 Nf6 3.Bg2 Nc6 4.Nc3 Bb4 5.Nf3 O-O 6.O-O e4 7.Ne1 Bxc3 8.bxc3 d6
9.f3 Qe7 10.Rb1 Rb8 11.fxe4 Nxe4 12.Qc2 Ng5 13.Bxc6 Nh3+ 14.Kh1 Qxe2 15.Bg2 Nf2+
16.Kg1 Nh3+ 17.Kh1 Nf2+ 18.Kg1 Nh3+  1/2-1/2

[Event "3rd Pilsen Open"]
[Site "Plzen CZE"]
[Date "2011.11.20"]
[Round "2"]
[White "Pokrupa,M"]
[Black "Latreche,S"]
[Result "1-0"]
[WhiteElo "2209"]
[BlackElo "1995"]

1.c4 e5 2.g3 c6 3.Nf3 d6 4.Nc3 Be6 5.d3 Be7 6.Bg2 Qd7 7.c5 h6 8.Ne4 d5 9.Nxe5 Qc7
10.Bf4 Qa5+ 11.Bd2 Qc7 12.Nd6+ Bxd6 13.cxd6 Qxd6 14.Qb3 Qc7 15.d4 Nd7 16.Nxd7 Qxd7
17.O-O Nf6 18.Bb4 Ng8 19.a4 a5 20.Bc5 Ne7 21.Qa3 Nc8 22.Qc3 Nd6 23.b4 Nc4
24.bxa5 Rxa5 25.e4 dxe4 26.Bxe4 Ra8 27.d5 Bxd5 28.Qxg7  1-0

[Event "Vizag GM Open"]
[Site "Visakhapatnam IND"]
[Date "2011.11.24"]
[Round "1"]
[White "Arun Prasad,S"]
[Black "Vaibhav,Bhat"]
[Result "1-0"]
[WhiteElo "2530"]
[BlackElo "1919"]

1.c4 e5 2.g3 Nc6 3.Bg2 Nf6 4.Nc3 d6 5.d3 g6 6.e4 Bg7 7.Nge2 O-O 8.O-O Be6
9.h3 Qd7 10.Kh2 Ne8 11.Be3 f5 12.Qd2 Nf6 13.Nd5 Rae8 14.Rad1 Ne7 15.f4 c6
16.Nxf6+ Bxf6 17.b3 Rd8 18.Bxa7 d5 19.fxe5 Bxe5 20.exd5 cxd5 21.Bb6 Ra8 22.Bd4 Bxd4
23.Nxd4 Bf7 24.Nf3 Nc6 25.a4 Rad8 26.Qh6 Kh8 27.Rde1 Rfe8 28.Qh4 dxc4 29.dxc4 Kg7
30.g4 Rxe1 31.Rxe1 fxg4 32.hxg4 Re8 33.Rxe8 Qxe8 34.Qg5 Qb8+ 35.Kh3 h6 36.Qd2 Be6
37.Nd4 Nxd4 38.Qxd4+ Kh7 39.Qb6 h5 40.Qxe6 Qf4 41.gxh5 gxh5 42.Qe4+  1-0

[Event "Vizag GM Open"]
[Site "Visakhapatnam IND"]
[Date "2011.11.24"]
[Round "2"]
[White "Navalgund,N"]
[Black "Thejkumar,M"]
[Result "0-1"]
[WhiteElo "2209"]
[BlackElo "2452"]

1.c4 e5 2.g3 Nf6 3.Bg2 d5 4.cxd5 Nxd5 5.Nc3 Nb6 6.Nf3 Nc6 7.O-O Be7 8.a3 O-O
9.b4 Re8 10.d3 Bf8 11.Bb2 a5 12.b5 Nd4 13.Rc1 a4 14.Nxd4 exd4 15.Ne4 Ra5
16.e3 dxe3 17.Qh5 e2 18.Rfe1 Qxd3 19.Rxc7 Be6 20.Qxe2 Qxe2 21.Rxe2 Rxb5 22.Nc3 Rb3
23.Rxb7 Rc8 24.Rxe6 Rxb2 25.Rc6 Rxc6 26.Bxc6 Bxa3 27.Rb8+ Bf8 28.Nd5 Nxd5
29.Rxb2 a3 30.Rd2 a2 31.Rxa2 Nb4 32.Ra8 Nxc6 33.h4 h5 34.Kg2 g6 35.f3 Kg7
36.Ra6 Nd4 37.g4 Be7 38.Kg3 Bc5 39.Kg2 Ne6 40.Ra8 Bb4 41.Rb8 Be1 42.gxh5 gxh5
43.Rb5 Bxh4 44.f4 Bf6 45.f5 Nd4 46.Ra5 Nc6 47.Rc5 Ne5 48.Rc8 Bg5 49.Rc2 Kf6
50.Rf2 Ng4 51.Ra2 Kxf5 52.Kg3 Nf6 53.Ra5+ Kg6 54.Ra6 Bd2 55.Ra7 Ne4+ 56.Kf3 Ng5+
57.Kg3 Be1+ 58.Kf4 Ne6+ 59.Kf3 h4 60.Ra1 Bg3 61.Ra6 Kg5 62.Ra5+ f5 63.Rd5 Kf6
64.Ra5 Ng5+ 65.Kg2 f4 66.Rb5 h3+ 67.Kh1 Ne4 68.Kg1  0-1

[Event "TCh-HUN 2011-12"]
[Site "Komarom HUN"]
[Date "2011.11.27"]
[Round "4"]
[White "Lizak,P"]
[Black "Jamrich,G"]
[Result "1/2-1/2"]
[WhiteElo "2406"]
[BlackElo "2311"]

1.c4 e5 2.g3 f5 3.Bg2 Nf6 4.Nc3 Bb4 5.Qc2 Bxc3 6.Qxc3 d6 7.d3 O-O 8.Nf3 Nc6
9.O-O Nh5 10.b4 f4 11.b5 Ne7 12.c5 Ng6 13.Ba3 Rf6 14.cxd6 cxd6 15.Rac1 Qb6
16.Ng5 fxg3 17.Qc4+ Kh8 18.Nf7+ Kg8 19.Ng5+ Kh8 20.hxg3 Nxg3 21.Rc2  1/2-1/2

[Event "TCh-CZE Extraliga 2011-12"]
[Site "Czech Republic CZE"]
[Date "2011.12.04"]
[Round "4.3"]
[White "Hracek,Z"]
[Black "Jirka,J"]
[Result "1/2-1/2"]
[WhiteElo "2624"]
[BlackElo "2415"]

1.c4 e5 2.g3 Nc6 3.Nc3 d6 4.Nf3 Be6 5.d4 exd4 6.Nxd4 Nxd4 7.Qxd4 Ne7 8.Bg2 Nc6
9.Qd3 g6 10.b3 Bg7 11.Bb2 O-O 12.O-O Qd7 13.Rfe1 Bh3 14.Bh1 Rae8 15.Qd2 Qc8
16.Nd5 Ne5 17.Rad1 Be6 18.f4 Bxd5 19.cxd5 Ng4 20.Bxg7 Kxg7 21.e4 f6 22.Bf3 Re7
23.h3 Nh6 24.Kg2 Rfe8 25.Qd4 b6 26.g4 Ng8 27.g5 Qa6 28.gxf6+ Nxf6 29.e5 Kf7
30.Re2 Nd7 31.e6+ Kg8 32.Rf2 Nf8 33.Kh2 Qa3 34.f5 gxf5 35.Rg1+ Ng6 36.Bh5 Rg7
37.Rfg2 Qc5 38.Qxc5 dxc5 39.Bxg6 hxg6 40.Rxg6 Rxg6 41.Rxg6+ Kf8 42.Rf6+ Ke7
43.Rxf5 Kd6 44.Rf7 Kxd5 45.Rxc7  1/2-1/2

[Event "80th Anniversary Mollet CM"]
[Site "Mollet del Valles ESP"]
[Date "2011.12.04"]
[Round "2"]
[White "Ventura Bolet,M"]
[Black "Vives Jaume,Oriol"]
[Result "0-1"]
[WhiteElo "1957"]
[BlackElo "1974"]

1.c4 e5 2.g3 Nc6 3.Nc3 g6 4.Bg2 Bg7 5.e4 d6 6.Nge2 f5 7.d3 Nf6 8.O-O O-O
9.Rb1 Be6 10.Nd5 Qd7 11.b4 Nh5 12.b5 Nd8 13.exf5 Bxf5 14.Be3 c6 15.bxc6 bxc6
16.Ndc3 Bh3 17.d4 Bxg2 18.Kxg2 Qf7 19.d5 Qf3+ 20.Kg1 c5 21.Nb5 Nf7 22.Nc7 Rab8
23.Qc2 Bh6 24.Bxh6 Nxh6 25.Nc3 Nf5 26.Rxb8 Rxb8 27.Rc1 Nf4 28.gxf4 Qg4+ 29.Kf1 Qh3+
30.Ke1 Nd4 31.Qe4 Qxh2 32.Ne2 Rb2 33.Rb1 Rxb1+ 34.Kd2  0-1

[Event "Ascona Gp B"]
[Site "Ascona SUI"]
[Date "2011.12.07"]
[Round "5.4"]
[White "Foisor,O"]
[Black "Brancaleoni,M"]
[Result "1-0"]
[WhiteElo "2386"]
[BlackElo "2275"]

1.c4 e5 2.g3 Nf6 3.Bg2 h6 4.a3 c6 5.d4 exd4 6.Qxd4 d5 7.Nf3 Be6 8.cxd5 cxd5
9.Nc3 Nc6 10.Qd3 Qd7 11.Bf4 Be7 12.Ne5 Nxe5 13.Bxe5 O-O 14.O-O Rfd8 15.Rad1 a6
16.Rd2 Ng4 17.Bd4 Rac8 18.Qb1 b5 19.Rfd1 Qc7 20.e3 b4 21.axb4 Bxb4 22.Qa2 a5
23.Rd3 Ne5 24.Bxe5 Qxe5 25.Nxd5 Kh7 26.Rd4 Bxd5 27.Bxd5 f5 28.Be6 Rxd4 29.exd4 Qc7
30.Bxf5+  1-0

[Event "Ascona Gp A"]
[Site "Ascona SUI"]
[Date "2011.12.08"]
[Round "7.3"]
[White "Salvetti,A"]
[Black "Lund,E"]
[Result "1/2-1/2"]
[WhiteElo "2248"]
[BlackElo "2398"]

1.c4 e5 2.g3 d6 3.Bg2 f5 4.Nc3 Nf6 5.d3 Be7 6.e4 c6 7.Nge2 Na6 8.O-O O-O
9.b3 Nc5 10.f3 a5 11.Be3 fxe4 12.dxe4 Ne6 13.Qd2 c5 14.Nd5 Nd4 15.Nxf6+ Bxf6
16.Nc3 Be6 17.f4 a4 18.Bxd4 exd4 19.Nd5 Bxd5 20.exd5 Qd7 21.Be4 Rfe8 22.Rae1 axb3
23.axb3 g6 24.Qd3 Ra2 25.Rf2 Rxf2 26.Kxf2 Kg7 27.Bf3 Rxe1 28.Kxe1 Qh3 29.Qe2 d3
30.Qxd3 Qxh2 31.Be2 Bd4 32.Qf3 Qg1+ 33.Bf1 Bf6 34.Qf2 Qh1 35.Qg2 Qh5 36.Qh3 Bc3+
37.Kf2 Bd4+ 38.Kg2 Qxh3+ 39.Kxh3 Kf6 40.Kg4 Bf2 41.Kf3 Be1 42.Bd3 h5 43.Be4 Bc3
44.g4 hxg4+  1/2-1/2

[Event "14th Metropolitan IM"]
[Site "Los Angeles USA"]
[Date "2011.12.08"]
[Round "2"]
[White "Remlinger,L"]
[Black "Carreto Nieto,G"]
[Result "1-0"]
[WhiteElo "2409"]
[BlackElo "2242"]

1.c4 e5 2.g3 Nc6 3.Bg2 f5 4.Nc3 Nf6 5.d3 Bb4 6.Bd2 O-O 7.Nd5 Bxd2+ 8.Qxd2 d6
9.e3 Be6 10.Rc1 Bxd5 11.cxd5 Ne7 12.Qa5 b6 13.Qa4 Kh8 14.e4 f4 15.Bh3 Ng6
16.Qc6 Ne8 17.Rc2 a6 18.Ne2 Ra7 19.Qd7 Qg5 20.Qg4 Qh6 21.Bf1 fxg3 22.Nxg3 Nh4
23.Kd1 c5 24.dxc6 Raf7 25.Be2 Nc7 26.Qh5 Qxh5 27.Bxh5 g6 28.Bg4  1-0

[Event "Ascona Gp A"]
[Site "Ascona SUI"]
[Date "2011.12.09"]
[Round "9.2"]
[White "Salvetti,A"]
[Black "Oratovsky,M"]
[Result "0-1"]
[WhiteElo "2248"]
[BlackElo "2522"]

1.c4 e5 2.g3 Nf6 3.Bg2 c6 4.Nc3 Bb4 5.Nf3 Qe7 6.O-O O-O 7.Ne1 d6 8.Nc2 Ba5
9.b4 Bc7 10.d3 Rd8 11.Rb1 d5 12.cxd5 Nxd5 13.Bd2 Nxc3 14.Bxc3 Be6 15.a4 Bd5
16.e4 Bc4 17.Ne1 Be6 18.f4 f6 19.Qc1 Na6 20.Qb2 exf4 21.gxf4 c5 22.b5 Nb4
23.d4 Bc4 24.Rf2 Nd3 25.Nxd3 Bxd3 26.Re1 cxd4 27.Bxd4 Ba5 28.Re3 Rxd4 29.Qxd4 Rd8
30.Qxa7 Qc7 31.Rxd3 Rxd3 32.Bf1 Rd8 33.Bc4+ Kh8 34.Bd5 Bb6 35.Qxb7 Qc5  0-1

[Event "Ascona Gp A"]
[Site "Ascona SUI"]
[Date "2011.12.09"]
[Round "9.3"]
[White "Foisor,C"]
[Black "Strikovic,A"]
[Result "1/2-1/2"]
[WhiteElo "2418"]
[BlackElo "2564"]

1.c4 e5 2.g3 g6 3.Bg2 Bg7 4.Nc3 d6 5.d3 f5 6.e4 Nf6 7.Nge2 O-O 8.O-O c6 9.Rb1 Na6
10.h3 Nc7 11.Kh2 f4 12.gxf4 Nh5 13.f5 gxf5 14.Ng3 Nf4 15.exf5 Bxf5 16.Bxf4 exf4
17.Nxf5 Rxf5 18.Be4 Rg5 19.Rg1 Ne6 20.Rxg5 Qxg5 21.Qg4 Qxg4 22.hxg4 Re8 23.Kg2 Ng5
24.f3 Kf8 25.Kf1 Bd4 26.Ne2 Be3 27.b4 Rd8 28.Nc3 Bd4 29.Rb3 Nxe4 30.dxe4 a6
31.Ne2 Be5 32.Nc1 Ke7 33.Nd3 Kf6 34.Rb1 h5 35.gxh5 Rh8 36.Nf2 Rxh5 37.Rd1 Ke6
38.Kg2 Rg5+ 39.Ng4 Bc3 40.a3 a5 41.Rb1 axb4 42.axb4 d5 43.exd5+ cxd5 44.cxd5+ Kxd5
45.Rd1+ Kc4 46.Rd7 b5 47.Rf7 Bd2 48.Kf1 Kxb4 49.Ke2 Rd5 50.Nf2 Be3 51.Nd3+ Kc3
52.Nxf4 Bxf4 53.Rxf4 b4 54.Rf8 Re5+ 55.Kd1 Re3 56.f4 b3 57.Rc8+ Kb2 58.f5 Rf3
59.Rf8 Kc3 60.Rc8+ Kb2 61.Rf8 Rd3+ 62.Ke2 Rc3 63.Kd2 Rc7 64.Kd3 Kc1 65.Rb8 b2
66.Ke4  1/2-1/2

[Event "Arab Games Blitz Women"]
[Site "Doha QAT"]
[Date "2011.12.10"]
[Round "4"]
[White "Bedrosian,D"]
[Black "Emhemed,Inas"]
[Result "0-1"]
[WhiteElo "1796"]
[BlackElo "1486"]

1.c4 e5 2.g3 Nf6 3.Bg2 Nc6 4.Nc3 Bc5 5.Nf3 d6 6.O-O O-O 7.d3 h6 8.e4 Bg4
9.h3 Be6 10.Nd5 a6 11.Kh2 Nd4 12.b4 Nxf3+ 13.Bxf3 Bd4 14.Rb1 c6 15.Nxf6+ Qxf6
16.Be3 Bxe3 17.fxe3 Qg5 18.Qe2 Rad8 19.d4 exd4 20.exd4 b5 21.cxb5 cxb5 22.d5 Bd7
23.Bg2 Rc8 24.Rbc1 Rxc1 25.Rf2 Rc3 26.g4 Qe5+ 27.Kg1 Rc1+ 28.Rf1 Rxf1+ 29.Qxf1 Rc8
30.Qd1 Qf4 31.Bf1 Rc1 32.Qe2  0-1

[Event "2nd JAHV McGregor Open"]
[Site "Bogota COL"]
[Date "2011.12.11"]
[Round "9"]
[White "Caceres Quintero,Gerson Maurici"]
[Black "Mena,Yamil Octavio"]
[Result "0-1"]
[WhiteElo "1773"]
[BlackElo "2064"]

1.c4 e5 2.g3 Bc5 3.Nc3 Nf6 4.Bg2 Nc6 5.Nf3 h5 6.a3 h4 7.b4 h3 8.Bf1 Bxf2+
9.Kxf2 e4 10.Nxe4 Nxe4+ 11.Kg1 d5 12.Qc2 Bf5 13.cxd5 Nxg3 14.d3 Nd4 15.Nxd4 Qxd5
16.Nf3 Nxh1 17.e4 Bxe4 18.dxe4 Qh5 19.Qe2 O-O-O 20.Kxh1 Rhe8 21.Bf4 f6 22.Rc1 Re7
23.a4 g5 24.Bg3 f5 25.e5 f4 26.Bf2 g4 27.Ng1 Kb8 28.e6 Qd5+ 29.Nf3 Rxe6 30.Bxa7+ Kxa7
31.Qf2+ Kb8 32.Kg1 Qxf3 33.Qxf3 gxf3  0-1

[Event "18th Zadar Open A"]
[Site "Zadar CRO"]
[Date "2011.12.11"]
[Round "1.4"]
[White "Kovacevic,Bl"]
[Black "Svetushkin,D"]
[Result "0-1"]
[WhiteElo "2460"]
[BlackElo "2621"]

1.c4 e5 2.g3 Nf6 3.Bg2 Bc5 4.Nc3 O-O 5.e3 d6 6.Nge2 a6 7.O-O Nc6 8.d4 Ba7
9.b3 Re8 10.h3 Bf5 11.d5 Ne7 12.e4 Bd7 13.Qd3 Ng6 14.Be3 Bxe3 15.Qxe3 Qe7
16.Rac1 h5 17.Kh2 h4 18.Ng1 b5 19.c5 dxc5 20.Nce2 c6 21.Qxc5 Qxc5 22.Rxc5 hxg3+
23.fxg3 Rac8 24.b4 Ne7 25.Nc3 cxd5 26.Nxd5 Nexd5 27.exd5 e4 28.Rd1 Re5 29.Rxc8+ Bxc8
30.d6 Be6 31.Ne2 Kf8 32.Nc3 Ke8 33.g4 Kd7 34.Kg3 g5 35.Rf1 e3 36.Rxf6 e2
37.Nxe2 Rxe2 38.a3 Ra2 39.Rf3 Bd5 40.Rf2 Rxa3+ 41.Kh2 Be6 42.Rd2 Ra4 43.Bb7 Rxb4
44.Bxa6 Rb1 45.Rd4 Rb2+ 46.Kg3 Bc4 47.Bb7 Rb3+ 48.Kf2 Rd3  0-1

[Event "3rd Balkan GP Individual"]
[Site "Podgorica MNE"]
[Date "2011.12.13"]
[Round "3"]
[White "Stanojoski,Z"]
[Black "Damljanovic,B"]
[Result "0-1"]
[WhiteElo "2470"]
[BlackElo "2597"]

1.c4 e5 2.g3 Nf6 3.Bg2 h6 4.Nc3 Bb4 5.Nf3 Bxc3 6.dxc3 d6 7.O-O Nc6 8.b3 Be6
9.h3 a5 10.a4 O-O 11.Ne1 d5 12.cxd5 Bxd5 13.Bb2 Bxg2 14.Nxg2 Qc8 15.Kh2 Ne4
16.Qd3 Ng5 17.g4 Qe6 18.Qb5 Ne4 19.c4 Nd4 20.Qxb7 c6 21.f4 Rfb8 22.Qc7 Rxb3
23.f5 Qe8 24.Bxd4 exd4 25.Rad1 c5 26.Nf4 Re3 27.Rd3 Rc8 28.Qxa5 Qe5 29.Rxe3 dxe3
30.Kg2 Nd2 31.Rf3 Qe4 32.Nd5 Nxf3 33.exf3 Qc2+ 34.Kg3 Qf2+ 35.Kf4 Qh2+ 36.Kxe3 Re8+  0-1

[Event "3rd Balkan GP Individual"]
[Site "Podgorica MNE"]
[Date "2011.12.13"]
[Round "6"]
[White "Damljanovic,B"]
[Black "Ivanisevic,I"]
[Result "0-1"]
[WhiteElo "2597"]
[BlackElo "2636"]

1.c4 e5 2.g3 Nc6 3.Nc3 Bc5 4.Bg2 d6 5.e3 a6 6.Nge2 Ba7 7.a3 Nge7 8.b4 Bf5
9.d3 Qd7 10.h3 O-O 11.Bb2 f6 12.Rc1 Rae8 13.Qd2 Kh8 14.Nd1 b5 15.Ndc3 Nd8
16.cxb5 axb5 17.d4 c6 18.d5 c5 19.h4 c4 20.e4 Bg4 21.f3 Bh5 22.g4 Bf7 23.h5 Bg8
24.Kd1 Nf7 25.Kc2 Ng5 26.h6 g6 27.Rcf1 Bb6 28.f4 Nf7 29.f5 Ng5 30.Bc1 Bf7
31.Qe1 Ng8 32.Qh4 Ra8 33.Bxg5 fxg5 34.Qxg5 Bd8 35.Qc1 g5 36.Qb2 Nf6 37.Bf3 Be8
38.Ra1 Rg8 39.Qc1 Bb6 40.Qd2 Qa7 41.Ng1 Be3 42.Qd1 Qb6 43.Nh3 Ra6 44.Re1 Qa7
45.Rxe3 Qxe3 46.Qe2 Qd4 47.Kb2 Bd7 48.Nf2 Rga8 49.Nd1 Ng8 50.Ne3 Rxa3 51.Rxa3 Rxa3
52.Kxa3 Qxc3+ 53.Ka2 Qb3+ 54.Ka1 Qxb4 55.Qb2 Qa5+ 56.Kb1 Nxh6 57.Nc2 Ng8
58.Qa3 Qxa3 59.Nxa3 h5 60.gxh5 Nf6 61.Nc2 g4 62.Bg2 Kg7  0-1

[Event "18th Zadar Open A"]
[Site "Zadar CRO"]
[Date "2011.12.13"]
[Round "4.22"]
[White "Mandekic,I"]
[Black "Feletar,D"]
[Result "1/2-1/2"]
[WhiteElo "2288"]
[BlackElo "2385"]

1.c4 e5 2.g3 Nf6 3.Bg2 d5 4.cxd5 Nxd5 5.Nc3 Nb6 6.Nf3 Nc6 7.O-O Be7 8.d3 O-O
9.Be3 Re8 10.Rc1 Bf8 11.Ne4 Nd4 12.Bg5 f6 13.Nxd4 exd4 14.Bd2 c6 15.b4 Kh8
16.Re1 Bg4  1/2-1/2

[Event "18th Zadar Open A"]
[Site "Zadar CRO"]
[Date "2011.12.16"]
[Round "8.12"]
[White "Kovacevic,Bl"]
[Black "Bosiocic,Mari"]
[Result "0-1"]
[WhiteElo "2460"]
[BlackElo "2593"]

1.c4 e5 2.g3 h5 3.h4 Nf6 4.Bg2 Nc6 5.Nc3 Bc5 6.d3 Ng4 7.Nh3 d6 8.Na4 Bb4+
9.Bd2 a5 10.O-O Nd4 11.e3 Nf5 12.a3 Bxd2 13.Qxd2 Rh6 14.Nc3 Rg6 15.Ng5 f6
16.Nf3 a4 17.d4 c6 18.e4 Nfh6 19.Rad1 Nf7 20.Qe2 Qa5 21.Rd2 Kf8 22.Rfd1 Be6
23.d5 Bd7 24.Ne1 Rc8 25.Nc2 Qa7 26.Kh1 Kg8 27.Re1 f5 28.exf5 Bxf5 29.Ne3 Nfh6
30.dxc6 bxc6 31.Ne4 Qe7 32.Ng5 Rf8 33.Bxc6 Rxg5 34.hxg5 Qxg5 35.Ng2 Be6 36.f4 Qd8
37.Qf3 Nf5 38.Bd5 Bxd5 39.Rxd5 Qb6 40.Rd2 Qa5 41.Rde2 Nd4 42.Qd5+ Qxd5 43.cxd5 Nxe2
44.Rxe2 g5 45.Kg1 gxf4 46.gxf4 exf4 47.Re4 f3 48.Ne3 f2+ 49.Kf1 Nh2+ 50.Ke2 f1=Q+
51.Nxf1 Nxf1 52.Rxa4 Ng3+ 53.Ke3 Kg7 54.Ra7+ Kg6 55.Rd7 h4 56.Rxd6+ Kg5 57.Rd7 h3
58.Kd4  0-1

[Event "TCh-NED Meesterklasse 2011-12"]
[Site "Netherlands NED"]
[Date "2011.12.17"]
[Round "4.1"]
[White "Van Haastert,E"]
[Black "Kampman,T"]
[Result "1-0"]
[WhiteElo "2430"]
[BlackElo "2124"]

1.c4 e5 2.g3 Nc6 3.Bg2 g6 4.Nc3 Bg7 5.Rb1 d6 6.b4 f5 7.b5 Nce7 8.d3 Nf6 9.Bg5 c6
10.bxc6 bxc6 11.Qa4 Qd7 12.Nf3 h6 13.Bc1 O-O 14.O-O Qc7 15.Ba3 Be6 16.Qb4 Ne8
17.Rfc1 Nc8 18.Nd2 Rf7 19.Qa4 Bd7 20.Qa6 Nb6 21.c5 dxc5 22.Bxc5 Rb8 23.Qa3 Be6
24.Nb3 Qd7 25.Na5 Bd5 26.Bh3 Nc7 27.Bd6 Bf8 28.Bxf8 Rbxf8 29.Nxd5 Ncxd5 30.Rxc6 Rf6
31.Rbc1 Rxc6 32.Rxc6 Rf6 33.Qc5 Rxc6 34.Nxc6 Kg7 35.e4 Nf6 36.Nxe5 Qd8 37.exf5 gxf5
38.Bxf5 Qe8 39.Qc7+  1-0

[Event "Cracovia Open A"]
[Site "Krakow POL"]
[Date "2012.01.02"]
[Round "6.21"]
[White "Thompson,I"]
[Black "Pettersson,Al"]
[Result "1-0"]
[WhiteElo "2281"]
[BlackElo "1950"]

1.c4 e5 2.g3 Nf6 3.Bg2 Nc6 4.Nf3 Bc5 5.O-O d6 6.d3 h6 7.Nc3 O-O 8.e3 a6 9.b3 Ba7
10.Bb2 Bf5 11.h3 Bh7 12.Kh2 Re8 13.e4 Nd7 14.Nd5 Nf8 15.b4 Ne6 16.a4 Ncd4
17.Nd2 c6 18.Ne3 Qg5 19.Ra2 h5 20.h4 Qh6 21.Bc1 f6 22.Nf3 g5 23.Nc2 Nxc2
24.Rxc2 Qg7 25.Bb2 g4 26.Nd2 Kh8 27.Nb3 f5 28.exf5 Bxf5 29.f4 gxf3 30.Bxf3 Rg8
31.Rg2 Bg4 32.Bxg4 Qxg4 33.Qd2 Kh7 34.Rf7+ Rg7 35.Rxg7+ Kxg7 36.c5 Nd4 37.Nxd4 exd4
38.Qe1 Rf8 39.Qe7+ Rf7 40.Qxd6 Rd7 41.Qe5+ Kh7 42.Rf2 a5 43.Rf5 Kh6 44.Qh8+  1-0

[Event "24th Staufer-Open"]
[Site "Schwaebisch Gmuend GER"]
[Date "2012.01.04"]
[Round "6"]
[White "Neuman,P"]
[Black "Korneev,O"]
[Result "1/2-1/2"]
[WhiteElo "2459"]
[BlackElo "2584"]

1.c4 e5 2.g3 Nf6 3.Bg2 Nc6 4.Nc3 Bc5 5.a3 a6 6.e3 O-O 7.Nge2 d6 8.O-O Ba7
9.b4 Re8 10.d3 Ne7 11.Bb2 Ng6 12.Ne4 Nxe4 13.dxe4 Qg5 14.Kh1 Qh5 15.Nc3 Bg4
16.f3 Bh3 17.Qd3 Bxg2+ 18.Kxg2 Rad8 19.a4 c6 20.b5 Qg5 21.f4 Qh6 22.Ba3 Nf8
23.a5 Bc5 24.bxc6 bxc6 25.Bxc5 dxc5 26.Qe2 Rb8 27.Rab1 Rb4 28.Rfd1 Qf6 29.f5 h6
30.Qd3 Reb8 31.Rxb4 cxb4 32.Na4 b3 33.Rb1 Rd8 34.Qe2 g6 35.Rxb3 gxf5 36.Rd3 fxe4
37.Qg4+ Ng6 38.Qxe4 Rxd3 39.Qxd3 Qg5 40.Nc5 e4 41.Nxe4 Qxa5  1/2-1/2

[Event "15th Guben Neujahrsopen"]
[Site "Guben GER"]
[Date "2012.01.06"]
[Round "9.6"]
[White "Hansch,Ka"]
[Black "Berzina,I"]
[Result "0-1"]
[WhiteElo "1955"]
[BlackElo "2297"]

1.c4 e5 2.g3 Nf6 3.Bg2 d5 4.cxd5 Nxd5 5.Nc3 Nb6 6.Nf3 Nc6 7.O-O Be7 8.a3 O-O
9.b4 Be6 10.Rb1 a6 11.d3 f6 12.Bb2 Qd7 13.Ne4 Rad8 14.Ba1 Ba2 15.Rb2 Bd5
16.Nc5 Qc8 17.Nd2 Kh8 18.Rc2 Nd4 19.Rc1 Bxg2 20.Kxg2 Nd5 21.e3 Bxc5 22.bxc5 Ne6
23.Qb3 Ng5 24.h4 Qh3+ 25.Kg1 Nxe3 26.fxe3 Qxg3+ 27.Kh1 Qh3+ 28.Kg1 Qxe3+
29.Kh1 Rxd3 30.Qxb7 Qh3+  0-1

[Event "ch-AUS 2011-12"]
[Site "North Geelong AUS"]
[Date "2012.01.06"]
[Round "9.8"]
[White "Morris,J"]
[Black "Cheng,Bo"]
[Result "1/2-1/2"]
[WhiteElo "2364"]
[BlackElo "2345"]

1.c4 e5 2.g3 Nf6 3.Bg2 d5 4.cxd5 Nxd5 5.Nc3 Nb6 6.Nf3 Nc6 7.O-O Be7 8.d3 O-O
9.Be3 Be6 10.d4 exd4 11.Nxd4 Nxd4 12.Bxd4 Qc8 13.Qc2 c5 14.Be5 Bh3 15.Bxh3 Qxh3
16.Bc7 Qe6 17.Bxb6 axb6 18.e4 Bf6 19.Nd5 Rac8 20.Nxf6+ Qxf6 21.Rad1 Rfe8
22.Rd5 Rcd8 23.Rfd1 Rxd5 24.Rxd5 g6 25.f4 Qe6 26.Re5 Qd7 27.Rxe8+ Qxe8 28.Qd3 Qe7
29.e5 Kf8 30.Kf2 h5 31.b3 Qe6 32.Ke3 Ke7 33.a4 Qc6 34.Kd2 Ke6 35.Kc3 Ke7
36.f5 gxf5 37.Qxf5 Qd5 38.Qxh5 Qd4+ 39.Kc2 Qe4+ 40.Kb2  1/2-1/2

[Event "TCh-CZE Extraliga 2011-12"]
[Site "Czech Republic CZE"]
[Date "2012.01.08"]
[Round "6.4"]
[White "Bartel,Mat"]
[Black "Rausis,I"]
[Result "1/2-1/2"]
[WhiteElo "2627"]
[BlackElo "2497"]

1.c4 e5 2.g3 c6 3.d4 e4 4.d5 Bb4+ 5.Bd2 Qe7 6.Nc3 Nf6 7.Bg2 O-O 8.Nh3 d6
9.O-O c5 10.a3 Bxc3 11.Bxc3 Bf5 12.f3 Nbd7 13.g4 Bg6 14.g5 Nh5 15.f4 Bf5
16.e3 g6 17.Nf2 f6 18.gxf6 Ndxf6 19.Kh1 h6 20.Rg1 Kh7 21.Bf1 Rf7 22.h3 Rg8
23.Be2 Bc8 24.Qc2 Ng7 25.Rae1 Nf5 26.Bd1 Nh4 27.Bxf6 Qxf6 28.Nxe4 Qe7 29.Nf2 Nf5
30.Qd2 Qh4 31.Kh2 Re8 32.Rg4 Qf6 33.Ba4 Rxe3 34.Rxe3 Nxe3 35.Qxe3 Bxg4 36.Nxg4 Qxf4+
37.Qxf4 Rxf4 38.b3  1/2-1/2

[Event "17th Bosnjaci Open"]
[Site "Bosnjaci CRO"]
[Date "2012.01.09"]
[Round "9.6"]
[White "Kovacevic,Bl"]
[Black "Kristovic,M"]
[Result "1-0"]
[WhiteElo "2449"]
[BlackElo "2269"]

1.c4 e5 2.g3 Nc6 3.Bg2 f5 4.Nc3 Nf6 5.e3 Bb4 6.Nge2 Bxc3 7.Nxc3 O-O 8.O-O d6
9.d3 Be6 10.Nd5 Bxd5 11.cxd5 Ne7 12.Qb3 Rb8 13.f4 e4 14.dxe4 fxe4 15.Qc4 c6
16.dxc6+ d5 17.Qc5 Nxc6 18.b3 d4 19.Bb2 dxe3 20.Qxe3 Re8 21.Rad1 Ng4 22.Qc5 Qe7
23.Qxe7 Rxe7 24.Rfe1 Rbe8 25.Ba3 Re6 26.h3 Nf6 27.Bf1 Nh5 28.Bc4 Nxg3 29.Kf2 Nf5
30.Rxe4 Kf7 31.Rd7+ Kf6 32.Bb2+ Ncd4 33.Bxe6 Rxe6 34.Bxd4+ Nxd4 35.Rexd4  1-0

[Event "Andranik Margaryan Memorial 2012"]
[Site "Yerevan ARM"]
[Date "2012.01.10"]
[Round "4"]
[White "Gabuzyan,H"]
[Black "Harutjunyan,G"]
[Result "1-0"]
[WhiteElo "2402"]
[BlackElo "2482"]

1.g3 e5 2.c4 Nf6 3.Bg2 Nc6 4.d3 Bb4+ 5.Bd2 a5 6.Nc3 O-O 7.a3 Bxc3 8.Bxc3 Re8
9.e4 Rb8 10.Ne2 b5 11.cxb5 Rxb5 12.O-O d5 13.exd5 Nxd5 14.Qa4 Ba6 15.Rac1 Nb6
16.Qg4 Bc8 17.Qe4 Bb7 18.Rfe1 Re6 19.Qg4 Rg6 20.Qf3 Ba8 21.Qe3 h5 22.Be4 Rd6
23.h4 Nd5 24.Qg5 Nf6 25.Bg2 Qb8 26.a4 Rbd5 27.Bxd5 Rxd5 28.Qe3 Qc8 29.f3 Qh3
30.Qf2 Rxd3 31.Rcd1 Nb4 32.Bxb4 Rxf3 33.Qh2 Qxh2+ 34.Kxh2 Rf2+ 35.Kg1 Rg2+
36.Kf1 Ng4 37.Rd8+ Kh7 38.Rc1 Ne3+ 39.Ke1 Bf3 40.Rd2 axb4 41.Rxc7 e4 42.Nd4 Rxg3
43.Kf2 Nc4 44.Kxg3 Nxd2  1-0

[Event "10th Parsvnath Open"]
[Site "New Delhi IND"]
[Date "2012.01.16"]
[Round "3"]
[White "Anwesh,U"]
[Black "Roshan,R"]
[Result "1-0"]
[WhiteElo "2413"]
[BlackElo "2062"]

1.c4 e5 2.g3 Nc6 3.Bg2 f5 4.Nc3 Nf6 5.d3 Bb4 6.Nf3 Bxc3+ 7.bxc3 d6 8.O-O O-O
9.Rb1 Qe8 10.Ne1 f4 11.e3 Bg4 12.f3 fxg3 13.fxg4 gxh2+ 14.Kxh2 Qg6 15.Bh3 e4
16.d4 h6 17.Rb2 Nd8 18.Ng2 Qe8 19.Nf4 Nh7 20.Rbf2 Ng5 21.Bg2 c6 22.Nh3 Rxf2
23.Rxf2 Nh7 24.Rf1 Nf6 25.Rf5 Qg6 26.Nf2 Nf7 27.Bxe4 Nxe4 28.Nxe4 h5 29.Rf4 h4
30.Qd3 Nh8 31.Nf2 Qh6 32.Nh3 Ng6 33.Rf1 Ne7 34.Qe4 Re8 35.Nf4 Qg5 36.Qe6+ Kh8
37.Qf7  1-0

[Event "10th Parsvnath Open"]
[Site "New Delhi IND"]
[Date "2012.01.20"]
[Round "8.41"]
[White "Hemant,S2"]
[Black "Santanu,B"]
[Result "1-0"]
[WhiteElo "2262"]
[BlackElo "2112"]

1.c4 e5 2.g3 Nf6 3.Bg2 d5 4.cxd5 Nxd5 5.Nf3 Nc6 6.O-O Nb6 7.b3 g6 8.Bb2 Bg7
9.d3 O-O 10.Nc3 Re8 11.Nd2 Nd4 12.Nc4 Nxc4 13.bxc4 Bd7 14.e3 Ne6 15.Qc2 Rb8
16.Ba3 Bc6 17.Nd5 Qd7 18.Rab1 Rbd8 19.Qe2 Kh8 20.Bb2 b6 21.f4 Bxd5 22.cxd5 Nf8
23.Rbc1 f5 24.fxe5 Bxe5 25.Bxe5+ Rxe5 26.Qb2 Qg7 27.e4 Rd7 28.d4 Re8 29.e5 Red8
30.Rc6 Rxd5 31.Bxd5 Rxd5 32.Qc3 Rd7 33.e6 Re7 34.d5 Qxc3 35.Rxc3 c5 36.dxc6 Nxe6
37.Re1 Kg7 38.c7  1-0

[Event "11th Marienbad IMB1"]
[Site "Marianske Lazne CZE"]
[Date "2012.01.21"]
[Round "1"]
[White "Turner,R"]
[Black "Cherednichenko,E"]
[Result "1-0"]
[WhiteElo "2128"]
[BlackElo "2113"]

1.c4 e5 2.g3 Nc6 3.Bg2 g6 4.Nc3 d6 5.e4 Bg7 6.Nge2 Be6 7.d3 h5 8.h4 Nh6 9.Nd5 f6
10.f3 Qd7 11.Be3 Nf7 12.Qd2 a5 13.d4 exd4 14.Nxd4 Nxd4 15.Bxd4 Ne5 16.b3 O-O
17.O-O Nc6 18.Bc3 f5 19.Bxg7 Qxg7 20.f4 fxe4 21.Bxe4 Bf5 22.Rae1 Rae8 23.Bg2 Kh7
24.Kh2 Re6 25.Rxe6 Bxe6 26.Re1 Bf5 27.Ne3 Bd7 28.Nd5 Bf5 29.Nc3 Nd8 30.Ne4 Bxe4
31.Bxe4 b6 32.Qe2 c6 33.Qxh5+ Kg8 34.Qxg6 Qxg6 35.Bxg6 d5 36.cxd5 cxd5 37.Rd1 Rf6
38.Rxd5 Rxg6 39.Rxd8+ Kf7 40.Rd5 Re6 41.a4  1-0